书目信息 |
| 题名: |
增广贤文
|
|
| 作者: | 孙黎明 主编 | |
| 分册: | ||
| 出版信息: | 长春 吉林大学出版社 2010.01 |
|
| 页数: | 176页 | |
| 开本: | 22cm | |
| 丛书名: | 大悦读 | |
| 单 册: | ||
| 中图分类: | H194.1 | |
| 科图分类: | ||
| 主题词: | 古汉语--启蒙读物 | |
| 电子资源: | ||
| ISBN: | 978-7-5601-5153-3 | |
| 000 | 00716nam0 2200253 450 | |
| 001 | 1243238650 | |
| 005 | 20120215102500.06 | |
| 010 | @a978-7-5601-5153-3@dCNY15.90 | |
| 100 | @a20100706d2010 y0chiy0110 ea | |
| 101 | 0 | @achi |
| 102 | @aCN@b220000 | |
| 105 | @aa z 000yy | |
| 200 | 1 | @a增广贤文@f孙黎明主编@9zeng guang xian wen |
| 210 | @a长春@c吉林大学出版社@d2010.01 | |
| 215 | @a176页@c图@d22cm | |
| 225 | 2 | @a大悦读 |
| 225 | 2 | @a语文新课标必读丛书@h第一辑 |
| 461 | 0 | @12001@a语文新课标必读丛书 |
| 461 | 0 | @12001@a大悦读 |
| 606 | 0 | @a古汉语@j启蒙读物 |
| 690 | @aH194.1@v4 | |
| 701 | 0 | @a孙黎明@4主编@9sun li ming |
| 801 | 0 | @aCN@b大连网信软件有限公司图书馆·11@c20120215 |
| 905 | @aZUCC@dH194.1@eS934 | |
| 增广贤文/孙黎明主编.-长春:吉林大学出版社,2010.01 |
| 176页:图;22cm.-(大悦读).-(语文新课标必读丛书.第一辑) |
| ISBN 978-7-5601-5153-3:CNY15.90 |
| ● |
| 相关链接 |
|
|
|
正题名:增广贤文
索取号:H194.1/S934
 
预约/预借
| 序号 | 登录号 | 条形码 | 馆藏地/架位号 | 状态 | 备注 |
| 1 | 482666 | 204826661 | 语言库209/209语言库 77排4列3层/ [索取号:H194.1/S934] | 在馆 | |
| 2 | 482667 | 204826670 | 语言库209/209语言库 77排4列3层/ [索取号:H194.1/S934] | 在馆 | |
| 3 | 482668 | 204826689 | 语言库209/209语言库 77排4列3层/ [索取号:H194.1/S934] | 在馆 |